Normal view
MARC view
- Mirza , Hussain, Sarfaraz
Entry Personal Name
001 - CONTROL NUMBER
- control field: 108780
003 - CONTROL NUMBER IDENTIFIER
- control field: NUST
005 - DATE AND TIME OF LATEST TRANSACTION
- control field: 20230209125554.0
008 - FIXED-LENGTH DATA ELEMENTS
- fixed length control field: 230209|| aca||aabn | a|a d
040 ## - CATALOGING SOURCE
- Original cataloging agency: NUST
- Transcribing agency: NUST
100 ## - HEADING--PERSONAL NAME
- Personal name: Mirza , Hussain, Sarfaraz
670 ## - SOURCE DATA FOUND
- Source citation: Work cat.: (NUST)187474: Mirza , Hussain, Sarfaraz, The Punjab Muslim Students Federation (1937-1947) /, 1991
